00520 2200205 4500001002100000005001500021035002000036007000300056008004100059020001800100082000800118084001400126100001900140245004700159250001700206260003600223300003200259651001200291990001100303INLIS00000000000470720191218090530 a0010-1219000159ta191218 g 1 ind  a9789797567385 a551 a551 NOO g0 aNoor, djauhari1 aGeologi Untuk Perencanaan /cDjauhari Noor acet.1 Jil. 1 aYOGYAKARTA :bGraha Ilmu,c2011 ax, 362 hlm :b.ilus ;c23cm 4ageologi a13152b